[Event "Cto. Equipos de Navarra DH 2018"]
[Site "?"]
[Date "2018.11.17"]
[Round "6"]
[White "Rey Fuentes, Juan Maria"]
[Black "Aguinaga Ruiz, Jesus Luis"]
[Result "0-1"]
[EventDate "2018.??.??"]
[EventCountry "ESP"]
[EventType "team"]
[EventRounds "7"]
[WhiteElo "1536"]
[BlackElo "1902"]

1.e4 Nc6 2.Nf3 d6 3.d4 Nf6 4.Nc3 g6 5.Bd3 Bg7 6.a3 O-O 7.d5 Ne5 8.Nxe5 dxe5
9.Bg5 h6 10.Bxf6 Bxf6 11.Ne2 e6 12.c4 Bg7 13.Rc1 Qg5 14.Ng3 f5 15.h4 Qe7 16.exf5
exf5 17.h5 e4 18.Be2 f4 19.d6 cxd6 20.Qd5 Be6 21.Qxe4 fxg3 22.O-O gxf2 23.Rxf2
Rxf2 24.Kxf2 Qf6 25.Bf3 Qxb2 26.Rc2 Qd4 0-1

[Event "Cto. Equipos de Navarra DH 2018"]
[Site "?"]
[Date "2018.11.17"]
[Round "6"]
[White "Garjon Modrego, Miguel"]
[Black "Miranda Urrizola, Ruben Asier"]
[Result "1-0"]
[EventDate "2018.??.??"]
[EventCountry "ESP"]
[EventType "team"]
[EventRounds "7"]
[WhiteElo "1868"]
[BlackElo "1020"]

1.d4 d5 2.Nf3 Nc6 3.Bg5 h6 4.Bh4 Nf6 5.c3 Bf5 6.Nbd2 e6 7.Bg3 Bd6 8.Bxd6 Qxd6
9.e3 Ne4 10.Nxe4 Bxe4 11.Nd2 Bh7 12.Be2 O-O 13.O-O Ne7 14.Qb3 Rab8 15.c4 b6
16.Rac1 Rfc8 17.Rc3 c5 18.Qa3 Nc6 19.Nb3 Na5 20.Nxa5 bxa5 21.cxd5 Qxd5 22.Bf3
Be4 23.Bxe4 Qxe4 24.dxc5 Rb5 25.Rfc1 Qb4 26.Qxb4 axb4 27.Rc4 a5 28.f3 Kf8 29.Kf2
Ke7 30.c6 Rc7 31.e4 e5 32.Ke3 Rb6 33.Rc5 1-0

[Event "Cto. Equipos de Navarra DH 2018"]
[Site "?"]
[Date "2018.11.17"]
[Round "6"]
[White "Roldan Marques, Daniel"]
[Black "Salinas Alcalde, Inaki"]
[Result "1-0"]
[EventDate "2018.??.??"]
[EventCountry "ESP"]
[EventType "team"]
[EventRounds "7"]
[WhiteElo "2231"]
[BlackElo "1866"]

1.d4 Nf6 2.c4 e6 3.Nf3 c5 4.d5 exd5 5.cxd5 d6 6.Nc3 g6 7.Bf4 a6 8.a4 Bg7 9.h3
O-O 10.e3 Re8 11.Nd2 Qe7 12.Nc4 Rd8 13.Bd3 Bf5 14.Bxf5 gxf5 15.Qd3 Ne4 16.O-O
Nd7 17.f3 Nxc3 18.bxc3 b5 19.axb5 axb5 20.Rxa8 Rxa8 21.Nxd6 c4 22.Qxf5 Bxc3
23.Nxb5 Bd2 24.d6 Bxe3 25.Kh1 1-0

[Event "Cto. Equipos de Navarra DH 2018"]
[Site "?"]
[Date "2018.11.17"]
[Round "6"]
[White "Gamazo de la Rasilla, Javier"]
[Black "Sesma Rubio, Patxi"]
[Result "0-1"]
[EventDate "2018.??.??"]
[EventCountry "ESP"]
[EventType "team"]
[EventRounds "7"]
[WhiteElo "1895"]
[BlackElo "2166"]

1.e4 e5 2.Nf3 Nc6 3.Bc4 Nf6 4.d4 exd4 5.e5 d5 6.exf6 dxc4 7.O-O gxf6 8.Re1 Be6
9.Qe2 Qd5 10.Na3 O-O-O 11.Bf4 Bb4 12.Red1 Rhe8 13.c3 Bxa3 14.bxa3 Bg4 15.Qc2
Bxf3 16.gxf3 d3 17.Qa4 Rg8 18.Bg3 Ne5 19.Qxa7 Nxf3 20.Kf1 Nxh2 21.Kg1 Nf3 22.Kf1
Nd4 23.Kg1 Ne2 24.Kh2 Nf4 0-1

[Event "Cto. Equipos de Navarra DH 2018"]
[Site "?"]
[Date "2018.11.17"]
[Round "6"]
[White "Garrido Lasheras, David"]
[Black "Hernandez Barricarte, Miguel A"]
[Result "1-0"]
[EventDate "2018.??.??"]
[EventCountry "ESP"]
[EventType "team"]
[EventRounds "7"]
[WhiteElo "2082"]
[BlackElo "1878"]

1.c4 Nf6 2.Nc3 g6 3.g3 Bg7 4.Bg2 d6 5.d3 O-O 6.Bg5 h6 7.Bd2 Nbd7 8.b4 a5 9.b5 e5
10.Rb1 Rb8 11.Na4 b6 12.Qc2 Bb7 13.Bxb7 Rxb7 14.Nf3 Re8 15.e4 Nf8 16.O-O Qd7
17.Kg2 Ne6 18.Nc3 Nc5 19.Ng1 Ne6 20.Nge2 Ng5 21.Bxg5 hxg5 22.Nd1 Nh5 23.f3 f5
24.Nec3 Nf6 25.Ne3 Rbb8 26.Ned5 Nh7 27.Qd2 Rf8 28.Rf2 Rf7 29.Rbf1 Rbf8 30.Qe2
Bf6 31.Ne3 Bd8 32.exf5 gxf5 33.g4 fxg4 34.fxg4 Rf4 35.Ncd5 Rxf2 36.Rxf2 Rxf2
37.Qxf2 Qf7 38.Nf5 Qe6 39.Qf3 Nf6 40.Nde3 e4 41.dxe4 Qxe4 42.Qxe4 Nxe4 43.Kf3
Nc3 44.a3 Nb1 45.Ke4 Nxa3 46.Kd3 Bf6 47.Nd5 Bd8 48.Nd4 Kf7 49.Nc6 Ke8 50.Nd4 Kd7
51.h3 Be7 52.Nc6 Bd8 53.Nd4 Be7 54.Kc3 Nb1 55.Kc2 Na3 56.Kb3 Nb1 57.Nf3 1-0

[Event "Cto. Equipos de Navarra DH 2018"]
[Site "?"]
[Date "2018.11.17"]
[Round "6"]
[White "Rodriguez Montes, Sostenes"]
[Black "Laguardia Ortega, Moises"]
[Result "1/2-1/2"]
[EventDate "2018.??.??"]
[EventCountry "ESP"]
[EventType "team"]
[EventRounds "7"]
[WhiteElo "1810"]
[BlackElo "1995"]

1.e4 Nf6 2.e5 Nd5 3.c4 Nb6 4.d4 d6 5.exd6 exd6 6.Nf3 Bg4 7.Be2 Be7 8.O-O O-O
9.Be3 Bf6 10.Qb3 Nc6 11.Nbd2 Re8 12.Rfe1 Qd7 13.Rad1 Rab8 14.a3 Bf5 15.Bd3 Bxd3
16.Qxd3 d5 17.c5 Nc8 18.Bg5 Rxe1 19.Rxe1 N8e7 20.Bxf6 gxf6 21.Nh4 Qg4 22.Ndf3
Kh8 23.Qd2 Rg8 24.Qh6 Qg7 25.Qf4 Ng6 26.Nxg6 fxg6 27.Re6 Rf8 28.Qe3 Qf7 29.b4 a6
30.Kf1 Kg8 31.Ke1 Qd7 32.Qe2 Kf7 33.Re3 Re8 34.Rxe8 Qxe8 35.Qxe8 Kxe8 36.Kd2
1/2-1/2

[Event "Cto. Equipos de Navarra DH 2018"]
[Site "?"]
[Date "2018.11.17"]
[Round "6"]
[White "Martinez Bernardo, Aitor"]
[Black "Jeddi, Abdelkader"]
[Result "0-1"]
[EventDate "2018.??.??"]
[EventCountry "ESP"]
[EventType "team"]
[EventRounds "7"]
[WhiteElo "1921"]
[BlackElo "1758"]

1.c4 Nf6 2.Nc3 e6 3.g3 d5 4.Bg2 c6 5.cxd5 exd5 6.d3 Bb4 7.Bd2 O-O 8.Nf3 Bf5
9.O-O Nbd7 10.a3 Bd6 11.b4 Ne5 12.Re1 Nxf3 13.Bxf3 Be5 14.Rc1 Re8 15.Qb3 d4
16.Na4 Be6 17.Qc2 Bd5 18.Nc5 Bxf3 19.exf3 Qc7 20.f4 Bd6 21.Ne4 Nxe4 22.dxe4 Rac8
23.Qd3 Rcd8 24.Rc4 c5 25.a4 b6 26.a5 Qb7 27.e5 Bf8 28.Rb1 b5 29.Rxc5 Bxc5
30.bxc5 a6 31.Bb4 Qd5 32.Rc1 Qc6 33.g4 Re6 34.h4 f6 35.Qb3 Kh8 36.Qg3 fxe5
37.fxe5 Qe4 38.Re1 Qd5 39.Qf4 Kg8 40.h5 Rf8 41.Qd2 Rxe5 42.Rxe5 Qxe5 43.c6 Rc8
44.Qa2 Kh8 45.Qc2 Qf4 46.Kf1 d3 0-1

[Event "Cto. Equipos de Navarra DH 2018"]
[Site "?"]
[Date "2018.11.17"]
[Round "6"]
[White "Ruiz Turrillas, Alfredo"]
[Black "Torres Calvo, Mauricio"]
[Result "1-0"]
[EventDate "2018.??.??"]
[EventCountry "ESP"]
[EventType "team"]
[EventRounds "7"]
[WhiteElo "1753"]
[BlackElo "1789"]

1.e4 c5 2.Nf3 d6 3.c3 Nf6 4.h3 Nc6 5.d3 g6 6.Bf4 Bg7 7.Qc2 O-O 8.Be2 e5 9.Be3
Be6 10.Na3 Qa5 11.O-O Rac8 12.Nc4 Qc7 13.a4 a6 14.Ng5 Bxc4 15.dxc4 h6 16.Nf3 a5
17.Bd3 Ne7 18.Qd2 Kh7 19.Rad1 Rcd8 20.Nh4 Qc6 21.Qc2 Nh5 22.g4 Nf4 23.Bxf4 exf4
24.Nf3 f5 25.gxf5 gxf5 26.Kh2 Bf6 27.Rg1 Rg8 28.Qe2 Qd7 29.exf5 Kh8 30.Qe6 Qxe6
31.fxe6 d5 32.Rxg8 Kxg8 33.Rg1 Kf8 34.cxd5 Rxd5 35.Bc4 Rd6 36.h4 Rb6 37.b3 Bxc3
38.Kh3 Rd6 39.Kg4 Nd5 40.Kh5 Bg7 41.Re1 Ke7 42.Kg6 Bc3 43.Re4 h5 44.Ng5 Nb6
45.Rxf4 Nxc4 46.bxc4 b6 47.Kxh5 Bf6 48.Rxf6 Kxf6 49.Ne4 Kxe6 50.Nxd6 Kxd6 51.Kg5
b5 52.cxb5 c4 53.Kf4 1-0

[Event "Cto. Equipos de Navarra DH 2018"]
[Site "?"]
[Date "2018.11.17"]
[Round "6"]
[White "Sanjuan Ruperez, Jorge"]
[Black "Marin Salvador, Ruben"]
[Result "0-1"]
[EventDate "2018.??.??"]
[EventCountry "ESP"]
[EventType "team"]
[EventRounds "7"]
[WhiteElo "1768"]
[BlackElo "1652"]

1.e4 c5 2.d4 cxd4 3.c3 dxc3 4.Nxc3 Nc6 5.Bc4 e6 6.Nf3 a6 7.a3 b5 8.Ba2 Bb7 9.O-O
Nge7 10.Bg5 f6 11.Bf4 Ng6 12.Bd6 Be7 13.h4 Nce5 14.Nxe5 Nxe5 15.Bxe5 fxe5 16.g3
O-O 17.Qg4 Qe8 18.Rad1 Rf6 19.Rd2 Bc5 20.Kh2 Kh8 21.Nd1 Rd8 22.f3 Qf8 23.Rd3 d5
24.Nc3 d4 25.Ne2 Bc8 26.Qg5 Bd6 27.Kg2 Bd7 28.Qd2 b4 29.Qg5 Bb5 30.Rd2 Rg6
31.Qh5 Be8 32.g4 Rf6 33.Qg5 h6 34.Nxd4 hxg5 35.hxg5 exd4 36.Rh1 Rh6 37.gxh6 g6
38.Bxe6 Qf4 0-1

[Event "Cto. Equipos de Navarra DH 2018"]
[Site "?"]
[Date "2018.11.17"]
[Round "6"]
[White "Ruiz Echeverria, Unai"]
[Black "Rodes Martinez, Francisco Javier"]
[Result "1-0"]
[EventDate "2018.??.??"]
[EventCountry "ESP"]
[EventType "team"]
[EventRounds "7"]
[WhiteElo "1563"]
[BlackElo "1688"]

1.e4 c5 2.Nf3 d6 3.d4 cxd4 4.Nxd4 Nf6 5.Nc3 a6 6.Be2 e5 7.Nb3 Be6 8.Be3 Be7
9.Nd5 Bxd5 10.exd5 O-O 11.c4 Nbd7 12.O-O Rc8 13.Re1 Re8 14.Nd2 a5 15.Bd3 Bf8
16.Bf5 g6 17.Bh3 Ra8 18.Bxd7 Nxd7 19.Ne4 h6 20.Nc3 f5 21.Nb5 f4 22.Bd2 Nc5
23.Qg4 Kh7 24.Qe2 e4 25.Bc3 f3 26.Qe3 fxg2 27.Kxg2 Be7 28.Qd4 Rg8 29.f4 Qd7
30.h3 b6 31.Qe3 Raf8 32.Bd4 g5 33.f5 g4 34.Bxc5 gxh3 35.Kh1 bxc5 36.Qxe4 Rf6
37.Rad1 Bf8 38.Re2 Rg5 39.Rf2 Rg7 40.Nc3 Re7 41.Qh4 Bg7 42.Qxh3 Re5 43.Qd3 Qe7
44.Re2 Kh8 45.Rdd2 Qf7 46.Rxe5 dxe5 47.Qf3 Bf8 48.Ne4 Rb6 49.Qg4 Rb4 50.b3 a4
51.Qf3 axb3 52.axb3 {ilegible} 1-0

[Event "Cto. Equipos de Navarra DH 2018"]
[Site "?"]
[Date "2018.11.24"]
[Round "7"]
[White "Del Rio Mayayo, Pablo Juan"]
[Black "Burguete Archel, Eduardo"]
[Result "0-1"]
[EventDate "2018.??.??"]
[EventCountry "ESP"]
[EventType "team"]
[EventRounds "7"]
[WhiteElo "2118"]
[BlackElo "2198"]

1.e4 e5 2.d4 exd4 3.f4 d5 4.e5 c5 5.Nf3 Nc6 6.b3 Nge7 7.Bd3 Nf5 8.Qe2 Be7 9.O-O
h5 10.Ng5 Bxg5 11.fxg5 g6 12.e6 fxe6 13.Bxf5 gxf5 14.Rxf5 Qe7 15.Re5 Bd7 16.Bf4
O-O 17.g3 Nxe5 18.Qxe5 Rf5 19.Qe2 e5 20.Bc1 Raf8 21.Na3 Qf7 0-1

[Event "Cto. Equipos de Navarra DH 2018"]
[Site "?"]
[Date "2018.11.24"]
[Round "7"]
[White "Argandona Salinas, Gorka"]
[Black "Gamazo de la Rasilla, Javier"]
[Result "1-0"]
[EventDate "2018.??.??"]
[EventCountry "ESP"]
[EventType "team"]
[EventRounds "7"]
[WhiteElo "2053"]
[BlackElo "1895"]

1.d4 Nf6 2.c4 c5 3.d5 b5 4.Qc2 bxc4 5.e4 e5 6.Bxc4 d6 7.Nc3 Be7 8.Nf3 Bg4 9.h3
Bh5 10.g4 Bg6 11.Bd2 Nbd7 12.Bb5 Qb6 13.g5 Nh5 14.Nh4 Rd8 15.Nf5 a6 16.Be2 Bf8
17.h4 Rb8 18.Na4 Qb7 19.O-O-O c4 20.Bxc4 Be7 21.Rh3 Bxf5 22.exf5 O-O 23.Rb3 Qa7
24.Be3 Qc7 25.Be2 Qxc2 26.Kxc2 Rxb3 27.Kxb3 Nf4 28.Bxf4 exf4 29.Rd4 f6 30.g6
hxg6 31.fxg6 Ne5 32.h5 f5 33.Rxf4 Bg5 34.Rb4 a5 35.Rb6 Rc8 36.Rxd6 Bd8 37.Re6
Rb8 38.Kc2 Bf6 39.Nc3 Nd7 40.Ra6 Nc5 41.Rxa5 Ne4 42.Rb5 Rc8 43.Bd3 Nxc3 44.bxc3
Bxc3 45.Kd1 Be5 46.Bxf5 Re8 47.Be6 Kh8 48.Rc5 Bf6 49.Rc8 Rxc8 50.Bxc8 Bd8 51.Be6
Bb6 52.f3 Bc7 53.a4 Ba5 54.d6 Bd8 55.Kc2 Ba5 56.Kb3 Bb4 57.d7 Ba5 58.Kc4 Bb6
59.Kd5 Ba5 60.Kc6 Bc7 61.Bg4 Ba5 62.Kb7 1-0

[Event "Cto. Equipos de Navarra DH 2018"]
[Site "?"]
[Date "2018.11.24"]
[Round "7"]
[White "Hernandez Barricarte, Miguel A"]
[Black "Leranoz Zabalza, Adrian"]
[Result "1-0"]
[EventDate "2018.??.??"]
[EventCountry "ESP"]
[EventType "team"]
[EventRounds "7"]
[WhiteElo "1878"]
[BlackElo "2068"]

1.d4 Nf6 2.c4 Nc6 3.g3 e5 4.d5 Ne7 5.Nc3 Ng6 6.Bg2 Bc5 7.Qc2 O-O 8.e3 d6 9.h3 a6
10.Nge2 Bd7 11.O-O c6 12.e4 cxd5 13.cxd5 Rc8 14.Qd3 b5 15.a3 Ne8 16.Be3 f5
17.Bxc5 Rxc5 18.f4 a5 19.exf5 Bxf5 20.Qe3 Bd7 21.Rad1 Nf6 22.Kh2 Re8 23.Qd2 exf4
24.Nxf4 Ne5 25.Kg1 b4 26.Ne4 Nxe4 27.Bxe4 Rf8 28.Qg2 Qc8 29.Kh2 Ba4 30.Ne6 Bxd1
31.Rxf8 Qxf8 32.Nxf8 Kxf8 33.Qf1 Bf3 34.Bxf3 Rc2 35.Bg2 Ke7 36.Qf5 Rxb2 37.Qe6
Kd8 38.Qxd6 Nd7 39.axb4 axb4 40.Qa6 Ne5 41.Qb6 1-0

[Event "Cto. Equipos de Navarra DH 2018"]
[Site "?"]
[Date "2018.11.24"]
[Round "7"]
[White "Lazkoz Diez, Oskar"]
[Black "Rodriguez Montes, Sostenes"]
[Result "0-1"]
[EventDate "2018.??.??"]
[EventCountry "ESP"]
[EventType "team"]
[EventRounds "7"]
[WhiteElo "1839"]
[BlackElo "1810"]

1.e4 e5 2.Nf3 Nc6 3.Bb5 a6 4.Ba4 Nf6 5.d3 b5 6.Bb3 Be7 7.O-O O-O 8.Nc3 d6 9.a4
b4 10.Ne2 Na5 11.Ba2 Be6 12.Ng3 Bxa2 13.Rxa2 Nd7 14.Nf5 Bf6 15.h3 Nc6 16.Nh2 Ne7
17.Qf3 Ng6 18.Qg3 Re8 19.Nf3 Ndf8 20.h4 Ne6 21.h5 Ngf4 22.Qg4 Ne2 23.Kh1 Nxc1
24.Rxc1 Kh8 25.g3 g6 26.hxg6 fxg6 27.N5h4 Qe7 28.Raa1 Rf8 29.Kg2 Qf7 30.Rh1 Bxh4
31.Rxh4 h5 32.Rah1 Ng7 33.Ng5 Qxf2 34.Kh3 Qf6 35.Kg2 Kg8 0-1

[Event "Cto. Equipos de Navarra DH 2018"]
[Site "?"]
[Date "2018.11.24"]
[Round "7"]
[White "Sola Plaza, Gregorio"]
[Black "Larrea Reta, Javier"]
[Result "1/2-1/2"]
[EventDate "2018.??.??"]
[EventCountry "ESP"]
[EventType "team"]
[EventRounds "7"]
[WhiteElo "1806"]
[BlackElo "1843"]

1.e4 c5 2.Nf3 d6 3.Bb5 Bd7 4.Bxd7 Qxd7 5.O-O Nf6 6.e5 Ng4 7.exd6 Qxd6 8.Na3 Nc6
9.Nc4 Qc7 10.h3 Nge5 11.Ncxe5 Nxe5 12.Nxe5 Qxe5 13.Qf3 Qc7 14.b3 e5 15.Bb2 Bd6
16.Rfe1 O-O 17.d3 Rae8 18.Re2 Kh8 19.Rae1 f6 20.g3 Qf7 21.Kg2 Rc8 22.a4 Qc7
23.h4 1/2-1/2

[Event "Cto. Equipos de Navarra DH 2018"]
[Site "?"]
[Date "2018.11.24"]
[Round "7"]
[White "Mena Sarasola, Jesus"]
[Black "Ruiz Turrillas, Alfredo"]
[Result "1/2-1/2"]
[EventDate "2018.??.??"]
[EventCountry "ESP"]
[EventType "team"]
[EventRounds "7"]
[WhiteElo "1777"]
[BlackElo "1753"]

1.d4 d5 2.Nf3 c5 3.c3 cxd4 4.cxd4 Nc6 5.Nc3 Bg4 6.e3 Nf6 7.Be2 e6 8.O-O a6 9.a3
Bd6 10.b4 O-O 11.Qc2 Rc8 12.Bb2 Qc7 13.h3 Bxf3 14.Bxf3 Ne7 15.Rac1 Nf5 16.Qd3
Qe7 17.e4 dxe4 18.Nxe4 b5 19.Nxd6 Nxd6 20.Rfe1 Rxc1 21.Rxc1 Nc4 22.Qc3 Rd8
23.Rd1 h6 24.Ba1 Nd5 1/2-1/2

[Event "Cto. Equipos de Navarra DH 2018"]
[Site "?"]
[Date "2018.11.24"]
[Round "7"]
[White "Marin Salvador, Ruben"]
[Black "Gastesi Urroz, Mikel"]
[Result "0-1"]
[EventDate "2018.??.??"]
[EventCountry "ESP"]
[EventType "team"]
[EventRounds "7"]
[WhiteElo "1652"]
[BlackElo "1688"]

1.d4 d6 2.c4 Nf6 3.Nc3 Nbd7 4.e4 c6 5.Nf3 e5 6.d5 Be7 7.Be2 Qc7 8.h3 h6 9.Be3
Nf8 10.Qc2 a5 11.Rc1 Bd7 12.Nd2 g5 13.Na4 c5 14.Nc3 Ng6 15.g3 Qc8 16.Bf1 Nh5
17.Qd1 Ng7 18.Nb5 O-O 19.f3 f5 20.Bf2 fxe4 21.Nxe4 Bxb5 22.cxb5 Nf5 23.Bg2 Nd4
24.O-O Qf5 25.Rc3 Nxb5 26.Rb3 Nd4 27.Bxd4 exd4 28.Rxb7 Qxd5 29.Qc2 Qxb7 30.Nxc5
d3 31.Qxd3 Ne5 32.Nxb7 Nxd3 0-1

[Event "Cto. Equipos de Navarra DH 2018"]
[Site "?"]
[Date "2018.11.24"]
[Round "7"]
[White "Elia Aldave, Inigo"]
[Black "Ruiz Echeverria, Unai"]
[Result "1/2-1/2"]
[EventDate "2018.??.??"]
[EventCountry "ESP"]
[EventType "team"]
[EventRounds "7"]
[WhiteElo "1693"]
[BlackElo "1563"]

1.e4 e6 2.Nf3 d5 3.Nc3 d4 4.Ne2 c5 5.d3 Nc6 6.g3 Nf6 7.Bg2 h6 8.O-O e5 9.a4 Be7
10.Nd2 O-O 11.f4 Bg4 12.Nc4 exf4 13.gxf4 Qd7 14.f5 Ne8 15.Qe1 Bxe2 16.Qxe2 Nd6
17.Nxd6 Bxd6 18.f6 Be5 19.Qh5 Qd6 20.Bxh6 Bxf6 21.Rf3 g6 22.Bxf8 Qxf8 23.Qh3 Bg5
24.Raf1 Ne5 25.Rg3 Qe7 26.Bf3 Be3 27.Kh1 Kg7 28.Qg2 Qd7 29.b3 Rh8 30.Bg4 Qe7
31.Rh3 Rxh3 32.Qxh3 Qg5 33.Bc8 b6 34.Qg3 Qxg3 35.hxg3 f6 36.Kg2 Kf7 37.Kh3 Nc6
38.g4 g5 39.Bb7 Ne5 40.Rh1 Bf4 41.Bd5 Kg7 42.Be6 Ng6 43.Kg2 Nh4 44.Kf2 Kf8
45.Ke2 Ke7 46.Bd5 a5 47.Rf1 Kd6 48.Kd1 Ke5 49.Bb7 Ng2 50.Rh1 Nh4 51.Ba6 Be3
52.Rh3 Bf4 53.Bc4 Be3 54.Bf7 Bf4 55.Ke2 Kd6 56.Rh1 Ke5 57.Kd1 Be3 58.c3 dxc3
59.Kc2 Kd4 60.Rf1 Bf4 61.Rf2 Ke3 62.Rf1 Be5 1/2-1/2

[Event "Cto. Equipos de Navarra DH 2018"]
[Site "?"]
[Date "2018.11.24"]
[Round "7"]
[White "Esparza Martinez, Javier Ignacio"]
[Black "Roldan Marques, Daniel"]
[Result "0-1"]
[EventDate "2018.??.??"]
[EventCountry "ESP"]
[EventType "team"]
[EventRounds "7"]
[WhiteElo "1954"]
[BlackElo "2231"]

1.d4 d5 2.Nf3 c6 3.c4 e6 4.Nc3 dxc4 5.a4 Bb4 6.Bd2 a5 7.e3 b5 8.axb5 Bxc3 9.Bxc3
cxb5 10.b3 Bb7 11.bxc4 b4 12.Bd2 Nf6 13.Bd3 O-O 14.O-O Nbd7 15.Re1 Qc7 16.e4 e5
17.Bg5 exd4 18.e5 Ng4 19.Be7 Bxf3 20.gxf3 Ngxe5 21.Bxf8 Rxf8 22.Re4 Nxd3 23.Qxd3
Nc5 24.Qxd4 Nb3 25.Qb2 Nxa1 26.Qxa1 Rb8 27.Qa4 g6 28.Re8 Rxe8 29.Qxe8 Kg7 30.Qb5
h5 31.Kg2 Qf4 32.c5 Qg5 33.Kh3 b3 34.Qxb3 Qxc5 35.Qb2 Kh7 36.Qb7 Qc4 37.Qa7 a4
38.Qe7 Qe6 0-1

[Event "Cto. Equipos de Navarra DH 2018"]
[Site "?"]
[Date "2018.11.24"]
[Round "7"]
[White "Sesma Rubio, Patxi"]
[Black "Cemborain Oricain, Alfonso"]
[Result "0-1"]
[EventDate "2018.??.??"]
[EventCountry "ESP"]
[EventType "team"]
[EventRounds "7"]
[WhiteElo "2166"]
[BlackElo "1902"]

1.d4 d5 2.c4 c6 3.cxd5 cxd5 4.Nc3 Nf6 5.Bf4 Nc6 6.e3 a6 7.Bd3 Bg4 8.Nge2 Bh5
9.O-O e6 10.Qd2 Bg6 11.Nc1 Nh5 12.Be5 f6 13.Bf4 Bb4 14.Be2 O-O 15.Nd3 Be7 16.Bg4
Bf7 17.Qe2 Nxf4 18.Nxf4 Qd6 19.Rfd1 f5 20.Bh3 g5 21.Nfxd5 exd5 22.Bxf5 Qf6
23.Qd3 Rad8 24.Bxh7 Kg7 25.Bf5 Bh5 26.g4 Bf7 27.f3 Rh8 28.Rd2 Rh3 29.f4 Rdh8
30.Rf1 Qh6 31.Qe2 Bd6 32.Rf2 Ne7 33.Rg2 Kf8 34.Qf2 Rg8 0-1

[Event "Cto. Equipos de Navarra DH 2018"]
[Site "?"]
[Date "2018.11.24"]
[Round "7"]
[White "Ruiz Escobar, Rafael"]
[Black "Ortin Blanco, Ainhoa"]
[Result "1-0"]
[EventDate "2018.??.??"]
[EventCountry "ESP"]
[EventType "team"]
[EventRounds "7"]
[WhiteElo "1888"]
[BlackElo "1925"]

1.d4 d5 2.Bf4 Nf6 3.e3 Bf5 4.Nd2 e6 5.h3 Bd6 6.Ngf3 h6 7.Ne5 Nfd7 8.Be2 O-O
9.O-O Nxe5 10.dxe5 Be7 11.c3 c5 12.Bh2 Nc6 13.Rc1 d4 14.exd4 cxd4 15.cxd4 Qxd4
16.Nc4 Rfd8 17.Qb3 Rab8 18.Rfd1 Qh4 19.Rxd8 Bxd8 20.Bf1 Na5 21.Nxa5 Bxa5 22.Rc4
Qd8 23.Bf4 Qd5 24.Qg3 Kh7 25.Be3 Bb6 26.Bxb6 axb6 27.Rc7 Bg6 28.b3 Qd2 29.a4 Qe1
30.Qc3 Qd1 31.Qf3 Qb1 32.Qe3 Rd8 33.Rc1 Qe4 34.Qxe4 Bxe4 35.Be2 Rd5 36.Re1 Rd4
37.Rc1 Kg6 38.Rc7 Rb4 39.Bc4 Bc6 40.f4 Bd5 41.Bd3 f5 42.Bc4 Bxc4 43.bxc4 Rxa4
44.g3 Ra3 45.Kf2 Rc3 46.Re7 Rxc4 47.Rxe6 Kf7 48.Rxb6 Rc7 49.h4 h5 50.Ke3 Ke7
51.Kd4 Rd7 52.Kc5 Rc7 53.Kb4 Kf7 54.Rd6 Ke7 55.Rd3 Rc6 56.Rd4 Ke8 57.Rd2 Ke7
58.Re2 Ke6 59.Rd2 Ke7 60.Rd3 Ke8 61.Kb5 Ke7 62.Ra3 Rc2 63.Ra7 Rb2 64.Kc5 Ke6
65.Kd4 Rb4 66.Kc3 Rb6 67.Ra5 Rc6 68.Kd4 Rc1 69.Rb5 Rc7 70.Rb6 Ke7 71.Kd5 Rd7
72.Kc4 Rc7 73.Kb4 Kd7 74.Rg6 Ke8 75.Kb5 Kf7 76.Rd6 Rc3 77.Rd7 Kf8 78.Rxb7 Rxg3
79.Kc6 Rd3 80.Rd7 Rf3 81.Kd6 Rxf4 82.Rd8 Kf7 83.e6 Kg6 84.e7 Rd4 85.Kc5 1-0

[Event "Cto. Equipos de Navarra DH 2018"]
[Site "?"]
[Date "2018.11.24"]
[Round "7"]
[White "Martinez Bernardo, Aitor"]
[Black "Gonzalez Pabollet, Jesus Maria S"]
[Result "1-0"]
[EventDate "2018.??.??"]
[EventCountry "ESP"]
[EventType "team"]
[EventRounds "7"]
[WhiteElo "1921"]
[BlackElo "1812"]

1.c4 c5 2.Nf3 Nf6 3.d4 cxd4 4.Nxd4 Nc6 5.Nc2 g6 6.Nc3 Bg7 7.e4 d6 8.Be2 O-O
9.Be3 b6 10.Rc1 Bb7 11.f3 Rc8 12.Qd2 Nd7 13.O-O Nce5 14.b3 Nc5 15.Rfd1 Qd7
16.Nd5 Rfd8 17.Bg5 f6 18.Be3 Nf7 19.Nd4 e6 20.Nc3 a6 21.Nc2 Qe7 22.b4 Nd7 23.Na4
Rb8 24.Nxb6 Nde5 25.Qe1 f5 26.exf5 gxf5 27.c5 f4 28.Bf2 Qg5 29.Bh4 Qg6 30.Bxd8
Rxd8 31.Qf2 Ng5 32.Kh1 Qh5 33.Ne1 Ng6 34.c6 Bc8 35.c7 Rf8 36.Nxc8 Rxc8 37.Bxa6
1-0

[Event "Cto. Equipos de Navarra DH 2018"]
[Site "?"]
[Date "2018.11.24"]
[Round "7"]
[White "Garcia Mina, Daniel"]
[Black "Arriazu Dominguez, Ivan"]
[Result "1/2-1/2"]
[EventDate "2018.??.??"]
[EventCountry "ESP"]
[EventType "team"]
[EventRounds "7"]
[WhiteElo "1736"]
[BlackElo "1832"]

1.e4 d6 2.Nc3 g6 3.g3 Bg7 4.Bg2 Nf6 5.d3 c6 6.Nf3 Nbd7 7.Bg5 Ng4 8.O-O Nge5
9.Nxe5 Nxe5 10.Qd2 Bh3 11.Bh6 Bxg2 12.Kxg2 Bf6 13.Bg5 Bxg5 14.Qxg5 h6 15.Qd2 Qd7
16.Nd1 f6 17.Ne3 h5 18.f4 Nf7 19.h4 O-O-O 20.b4 Rdf8 21.a4 g5 22.fxg5 fxg5
23.hxg5 Nxg5 24.Rf5 Rxf5 25.Nxf5 Rg8 26.Rh1 e6 27.Rxh5 Nxe4 28.dxe4 exf5 29.Rxf5
Qe6 30.Qf4 Qc4 31.Rf8 Rxf8 32.Qxf8 Kd7 33.Qg7 Kc8 34.Qf8 Kd7 35.Qf5 Kc7 36.Qa5
Kc8 37.Qf5 Kc7 38.Qa5 Kc8 39.Qf5 1/2-1/2

[Event "Cto. Equipos de Navarra DH 2018"]
[Site "?"]
[Date "2018.11.24"]
[Round "7"]
[White "Torres Calvo, Mauricio"]
[Black "Martinez Lasanta, Raul"]
[Result "1-0"]
[EventDate "2018.??.??"]
[EventCountry "ESP"]
[EventType "team"]
[EventRounds "7"]
[WhiteElo "1789"]
[BlackElo "1751"]

1.e4 c6 2.d4 d5 3.Nc3 dxe4 4.Nxe4 Nd7 5.Bc4 Ngf6 6.Ng5 e6 7.Qe2 Nb6 8.N1f3 Nxc4
9.Qxc4 h6 10.Nh3 Qb6 11.O-O Bd6 12.Bf4 Bxf4 13.Nxf4 Qxb2 14.Ne5 O-O 15.Rab1 Qa3
16.Rfe1 Nd5 17.Rb3 Qa5 18.Nfd3 Nb6 19.Qc5 Qxc5 20.Nxc5 Rd8 21.c3 Rb8 22.a4 Nd5
23.Nxc6 bxc6 24.Rxb8 Nxc3 25.Nb7 Rf8 26.Nd6 Ba6 27.Rxf8 Kxf8 28.f3 Ne2 29.Kf2
Nxd4 30.Rb1 Ke7 31.Ne4 f5 32.Nc5 Bc4 33.Rb4 1-0

[Event "Cto. Equipos de Navarra DH 2018"]
[Site "?"]
[Date "2018.11.24"]
[Round "7"]
[White "Oyaga Valencia, Jesus Maria"]
[Black "Fuertes Cirauqui, Pablo"]
[Result "0-1"]
[EventDate "2018.??.??"]
[EventCountry "ESP"]
[EventType "team"]
[EventRounds "7"]
[WhiteElo "1643"]
[BlackElo "1815"]

1.d4 Nf6 2.c4 g6 3.Nc3 d5 4.e3 Bg7 5.Nf3 c6 6.Bd3 dxc4 7.Bxc4 O-O 8.Ne5 Nbd7
9.f4 Nxe5 10.fxe5 Nd5 11.O-O e6 12.Nxd5 exd5 13.Bd3 Be6 14.Qe1 Rc8 15.Qg3 c5
16.b3 Qb6 17.Ba3 Qd8 18.dxc5 Re8 19.b4 d4 20.Bb2 dxe3 21.Qxe3 Qh4 22.Be4 Qe7
23.Qf3 b6 24.cxb6 axb6 25.a3 Bc4 26.Rf2 Bxe5 27.Bxe5 Qxe5 28.Re1 f5 29.Bd5 Qxd5
30.Qxd5 Bxd5 31.Rd1 Bc4 32.Rfd2 Re2 33.Rd7 Rce8 34.R1d6 R2e6 35.Rd4 b5 36.Ra7
R8e7 37.Ra8 Kf7 38.a4 Kf6 39.a5 Ke5 40.Rad8 g5 41.Kf2 Kf6 42.h3 h5 43.Ra8 f4
44.a6 Re1 45.Rf8 Kg7 46.Rdd8 Rf1 0-1

[Event "Cto. Equipos de Navarra DH 2018"]
[Site "?"]
[Date "2018.11.24"]
[Round "7"]
[White "Roldan Marques, Marta"]
[Black "Iza Olivan, Ruben"]
[Result "0-1"]
[EventDate "2018.??.??"]
[EventCountry "ESP"]
[EventType "team"]
[EventRounds "7"]
[WhiteElo "1708"]
[BlackElo "1561"]

1.e4 c5 2.Nc3 Nc6 3.g3 Nf6 4.Bg2 a6 5.d3 e6 6.Bd2 Rb8 7.f4 d6 8.Rb1 Qc7 9.Nh3
Bd7 10.Nf2 b5 11.g4 h6 12.g5 Ng8 13.Ng4 h5 14.Ne3 g6 15.f5 Nge7 16.fxg6 fxg6
17.O-O Bg7 18.Rf2 Nd4 19.Qf1 Be5 20.Ne2 Nxe2 21.Qxe2 d5 22.exd5 Bxh2 23.Kh1 Bg3
24.Rf3 Be5 25.dxe6 Bxe6 26.Rf6 Bg4 27.Nxg4 hxg4 28.Kg1 Bd4 29.Kf1 Bxf6 30.gxf6
Rf8 31.Bc6 Kd8 32.Qe6 Nxc6 33.Bg5 Rf7 34.Re1 Qd7 35.Qe4 Kc7 36.Bf4 Kb6 37.Bxb8
Nxb8 38.Qxg6 Qd5 39.Re7 Qf3 40.Ke1 Rxf6 41.Qe8 Qf2 42.Kd1 Qf1 43.Re1 Qf3 44.Kc1
Qf4 45.Kd1 Nc6 46.Re4 Qf3 47.Kc1 g3 48.Re1 g2 49.Qg8 Qf2 50.Kd1 Qf1 51.Qg3 Qxe1
52.Kxe1 Rf1 0-1